[Event "DEM U16w 2025"]
[Site "Willingen GER"]
[Date "2025.06.14"]
[Round "9"]
[White "Wartenberg, Alissa"]
[Black "Müller, Riyanna"]
[Result "1/2-1/2"]
[Termination "normal"]
[Board "1"]
[BlackTitle "WCM"]
[WhiteElo "1850"]
[BlackElo "2056"]
[WhiteClock "00:37:54"]
[BlackClock "01:04:53"]
[PlyCount "41"]
[WhiteFideId "16280741"]
[BlackFideId "16287401"]
[EventCountry "GER"]
[EventRounds "9"]
[EventType "swiss"]
[EventDate "2025.06.07"]

1. e4 {[%clk 01:30:58]} {[%emt 00:00:02]} c6 {[%clk 01:30:54]} {[%emt
00:00:07]} 2. Nf3 {[%clk 01:31:24]} {[%emt 00:00:04]} d5 {[%clk 01:31:19]}
{[%emt 00:00:05]} 3. Nc3 {[%clk 01:31:51]} {[%emt 00:00:04]} dxe4 {[%clk
01:31:39]} {[%emt 00:00:10]} 4. Nxe4 {[%clk 01:32:17]} {[%emt 00:00:03]} Nf6
{[%clk 01:31:51]} {[%emt 00:00:18]} 5. Qe2 {[%clk 01:32:42]} {[%emt 00:00:05]}
Nxe4 {[%clk 01:32:08]} {[%emt 00:00:13]} 6. Qxe4 {[%clk 01:33:06]} {[%emt
00:00:06]} Be6 {[%clk 01:32:29]} {[%emt 00:00:10]} 7. b3 {[%clk 01:33:11]}
{[%emt 00:00:25]} Nd7 {[%clk 01:31:48]} {[%emt 00:01:10]} 8. Bb2 {[%clk
01:33:33]} {[%emt 00:00:07]} Bd5 {[%clk 01:32:06]} {[%emt 00:00:13]} 9. Qe3
{[%clk 01:30:40]} {[%emt 00:03:22]} Bxf3 {[%clk 01:30:28]} {[%emt 00:02:08]}
10. Qxf3 {[%clk 01:30:51]} {[%emt 00:00:20]} Nf6 {[%clk 01:30:39]} {[%emt
00:00:18]} 11. Bc4 {[%clk 01:28:46]} {[%emt 00:02:35]} e6 {[%clk 01:30:11]}
{[%emt 00:00:58]} 12. O-O-O {[%clk 01:22:53]} {[%emt 00:06:24]} Rc8 {[%clk
01:25:55]} {[%emt 00:04:45]} 13. Kb1 {[%clk 01:20:04]} {[%emt 00:03:20]} b5
{[%clk 01:25:55]} {[%emt 00:00:30]} 14. Be2 {[%clk 01:17:41]} {[%emt 00:02:53]}
Qd5 {[%clk 01:25:18]} {[%emt 00:01:06]} 15. Rhe1 {[%clk 01:12:44]} {[%emt
00:05:27]} Qxf3 {[%clk 01:23:35]} {[%emt 00:02:14]} 16. Bxf3 {[%clk 01:13:07]}
{[%emt 00:00:06]} Bd6 {[%clk 01:22:56]} {[%emt 00:01:09]} 17. h3 {[%clk
01:11:50]} {[%emt 00:01:48]} O-O {[%clk 01:15:30]} {[%emt 00:07:57]} 18. g3
{[%clk 00:49:39]} {[%emt 00:22:41]} Rfd8 {[%clk 01:08:44]} {[%emt 00:07:14]}
19. Bg2 {[%clk 00:47:22]} {[%emt 00:02:47]} Bb4 {[%clk 01:05:03]} {[%emt
00:04:11]} 20. Re2 {[%clk 00:42:00]} {[%emt 00:05:53]} Nd5 {[%clk 01:04:53]}
{[%emt 00:00:40]} 21. Kc1 {[%clk 00:37:54]} {[%emt 00:04:36]} 1/2-1/2

[Event "DEM U16w 2025"]
[Site "Willingen GER"]
[Date "2025.06.14"]
[Round "9"]
[White "Trunz, Tamila"]
[Black "Bezsonna, Polina"]
[Result "0-1"]
[Termination "normal"]
[Board "2"]
[WhiteElo "2053"]
[BlackElo "1972"]
[WhiteClock "00:30:09"]
[BlackClock "00:23:38"]
[PlyCount "92"]
[WhiteFideId "16267885"]
[BlackFideId "14191156"]
[EventCountry "GER"]
[EventRounds "9"]
[EventType "swiss"]
[EventDate "2025.06.07"]

1. e4 {[%clk 01:30:57]} {[%emt 00:00:03]} c5 {[%clk 01:30:54]} {[%emt
00:00:07]} 2. Nf3 {[%clk 01:31:18]} {[%emt 00:00:08]} d6 {[%clk 01:31:18]}
{[%emt 00:00:06]} 3. d4 {[%clk 01:31:41]} {[%emt 00:00:07]} cxd4 {[%clk
01:31:44]} {[%emt 00:00:04]} 4. Nxd4 {[%clk 01:32:03]} {[%emt 00:00:08]} Nf6
{[%clk 01:32:05]} {[%emt 00:00:09]} 5. Nc3 {[%clk 01:32:16]} {[%emt 00:00:16]}
g6 {[%clk 01:32:21]} {[%emt 00:00:15]} 6. Be3 {[%clk 01:32:35]} {[%emt
00:00:11]} Nc6 {[%clk 01:32:39]} {[%emt 00:00:13]} 7. f3 {[%clk 01:32:34]}
{[%emt 00:00:30]} h5 {[%clk 01:32:55]} {[%emt 00:00:14]} 8. Qd2 {[%clk
01:30:40]} {[%emt 00:02:24]} Nxd4 {[%clk 01:33:10]} {[%emt 00:00:15]} 9. Bxd4
{[%clk 01:28:32]} {[%emt 00:02:39]} Bh6 {[%clk 01:33:21]} {[%emt 00:00:19]} 10.
Be3 {[%clk 01:26:40]} {[%emt 00:02:21]} Bxe3 {[%clk 01:33:43]} {[%emt
00:00:08]} 11. Qxe3 {[%clk 01:27:05]} {[%emt 00:00:06]} Be6 {[%clk 01:34:02]}
{[%emt 00:00:10]} 12. Bb5+ {[%clk 01:08:25]} {[%emt 00:19:11]} Kf8 {[%clk
01:32:00]} {[%emt 00:02:32]} 13. e5 {[%clk 00:56:48]} {[%emt 00:12:07]} dxe5
{[%clk 01:23:29]} {[%emt 00:09:01]} 14. Qxe5 {[%clk 00:54:14]} {[%emt
00:03:04]} Qa5 {[%clk 01:22:24]} {[%emt 00:01:35]} 15. Qe3 {[%clk 00:46:33]}
{[%emt 00:08:11]} Rc8 {[%clk 01:11:48]} {[%emt 00:11:06]} 16. Rd1 {[%clk
00:37:34]} {[%emt 00:09:29]} Rxc3 {[%clk 01:01:07]} {[%emt 00:11:10]} 17. Qxc3
{[%clk 00:33:58]} {[%emt 00:04:05]} Qxb5 {[%clk 01:01:29]} {[%emt 00:00:09]}
18. Rd8+ {[%clk 00:33:00]} {[%emt 00:01:28]} Kg7 {[%clk 01:01:44]} {[%emt
00:00:15]} 19. Rxh8 {[%clk 00:33:22]} {[%emt 00:00:07]} Kxh8 {[%clk 01:02:08]}
{[%emt 00:00:06]} 20. b3 {[%clk 00:29:02]} {[%emt 00:04:51]} Kh7 {[%clk
00:59:29]} {[%emt 00:03:09]} 21. Kf2 {[%clk 00:25:55]} {[%emt 00:03:37]} Nd5
{[%clk 00:49:44]} {[%emt 00:10:15]} 22. Qd4 {[%clk 00:25:42]} {[%emt 00:00:42]}
Nb4 {[%clk 00:41:58]} {[%emt 00:08:16]} 23. c4 {[%clk 00:19:30]} {[%emt
00:06:42]} Qf5 {[%clk 00:34:29]} {[%emt 00:07:59]} 24. Rd1 {[%clk 00:04:38]}
{[%emt 00:15:22]} Nxa2 {[%clk 00:32:37]} {[%emt 00:02:22]} 25. Kg1 {[%clk
00:03:13]} {[%emt 00:01:56]} Qc2 {[%clk 00:26:14]} {[%emt 00:06:53]} 26. Qd3
{[%clk 00:03:31]} {[%emt 00:00:11]} Qxd3 {[%clk 00:24:32]} {[%emt 00:02:12]}
27. Rxd3 {[%clk 00:03:57]} {[%emt 00:00:06]} Nb4 {[%clk 00:16:21]} {[%emt
00:08:40]} 28. Rd2 {[%clk 00:02:30]} {[%emt 00:01:57]} Kg7 {[%clk 00:15:01]}
{[%emt 00:01:50]} 29. Kf2 {[%clk 00:02:55]} {[%emt 00:00:05]} Nc6 {[%clk
00:11:20]} {[%emt 00:04:12]} 30. Ke3 {[%clk 00:03:03]} {[%emt 00:00:22]} Kf8
{[%clk 00:06:53]} {[%emt 00:04:55]} 31. Kf4 {[%clk 00:02:40]} {[%emt 00:00:53]}
f6 {[%clk 00:05:41]} {[%emt 00:01:43]} 32. h4 {[%clk 00:02:31]} {[%emt
00:00:39]} Ke8 {[%clk 00:03:45]} {[%emt 00:02:25]} 33. Ra2 {[%clk 00:02:23]}
{[%emt 00:00:38]} a6 {[%clk 00:02:56]} {[%emt 00:01:20]} 34. Rd2 {[%clk
00:02:18]} {[%emt 00:00:34]} Na5 {[%clk 00:02:14]} {[%emt 00:01:13]} 35. Rd3
{[%clk 00:02:03]} {[%emt 00:00:46]} Bf5 {[%clk 00:01:30]} {[%emt 00:01:13]} 36.
Rc3 {[%clk 00:01:45]} {[%emt 00:00:47]} e5+ {[%clk 00:01:29]} {[%emt 00:00:31]}
37. Ke3 {[%clk 00:01:42]} {[%emt 00:00:33]} Nc6 {[%clk 00:01:38]} {[%emt
00:00:22]} 38. Rc1 {[%clk 00:01:04]} {[%emt 00:01:08]} Nd4 {[%clk 00:01:45]}
{[%emt 00:00:23]} 39. Rc3 {[%clk 00:01:14]} {[%emt 00:00:20]} Kd7 {[%clk
00:01:41]} {[%emt 00:00:34]} 40. Kd2 {[%clk 00:00:54]} {[%emt 00:00:49]} a5
{[%clk 00:01:38]} {[%emt 00:00:34]} 41. g3 {[%clk 00:29:30]} {[%emt 00:01:53]}
Kc6 {[%clk 00:30:43]} {[%emt 00:01:26]} 42. f4 {[%clk 00:29:11]} {[%emt
00:00:49]} Kc5 {[%clk 00:25:14]} {[%emt 00:05:58]} 43. fxe5 {[%clk 00:29:28]}
{[%emt 00:00:14]} fxe5 {[%clk 00:25:42]} {[%emt 00:00:02]} 44. Re3 {[%clk
00:29:50]} {[%emt 00:00:08]} Kb4 {[%clk 00:25:58]} {[%emt 00:00:14]} 45. Kc1
{[%clk 00:29:52]} {[%emt 00:00:28]} Nxb3+ {[%clk 00:23:32]} {[%emt 00:02:56]}
46. Kb2 {[%clk 00:30:09]} {[%emt 00:00:12]} Nc5 {[%clk 00:23:38]} {[%emt
00:00:24]} 0-1

[Event "DEM U16w 2025"]
[Site "Willingen GER"]
[Date "2025.06.14"]
[Round "9"]
[White "Lorenz, Veronika"]
[Black "Neininger, Sarah"]
[Result "1-0"]
[Termination "normal"]
[Board "3"]
[WhiteElo "1952"]
[BlackElo "1857"]
[WhiteClock "00:37:46"]
[BlackClock "00:26:05"]
[PlyCount "37"]
[WhiteFideId "16277406"]
[BlackFideId "16287410"]
[EventCountry "GER"]
[EventRounds "9"]
[EventType "swiss"]
[EventDate "2025.06.07"]

1. e4 {[%clk 01:30:59]} e5 {[%clk 01:30:55]} {[%emt 00:00:06]} 2. Nf3 {[%clk
01:31:26]} {[%emt 00:00:03]} Nc6 {[%clk 01:31:20]} {[%emt 00:00:05]} 3. Bb5
{[%clk 01:31:53]} {[%emt 00:00:03]} Nge7 {[%clk 01:31:44]} {[%emt 00:00:06]} 4.
d4 {[%clk 01:31:35]} {[%emt 00:00:48]} exd4 {[%clk 01:32:04]} {[%emt 00:00:09]}
5. Nxd4 {[%clk 01:32:04]} {[%emt 00:00:01]} Nxd4 {[%clk 01:32:24]} {[%emt
00:00:11]} 6. Qxd4 {[%clk 01:32:32]} {[%emt 00:00:02]} Nc6 {[%clk 01:32:42]}
{[%emt 00:00:11]} 7. Qe3 {[%clk 01:14:33]} {[%emt 00:18:14]} b6 {[%clk
01:25:47]} {[%emt 00:07:41]} 8. Nc3 {[%clk 01:11:58]} {[%emt 00:03:05]} Bc5
{[%clk 01:14:03]} {[%emt 00:12:14]} 9. Qg3 {[%clk 01:11:58]} {[%emt 00:00:29]}
O-O {[%clk 00:44:24]} {[%emt 00:30:10]} 10. Bg5 {[%clk 01:05:04]} {[%emt
00:07:23]} f6 {[%clk 00:43:34]} {[%emt 00:01:21]} 11. Bf4 {[%clk 00:51:15]}
{[%emt 00:14:13]} Ne5 {[%clk 00:40:53]} {[%emt 00:03:14]} 12. O-O-O {[%clk
00:50:15]} {[%emt 00:01:33]} c6 {[%clk 00:37:08]} {[%emt 00:04:15]} 13. Bxe5
{[%clk 00:48:36]} {[%emt 00:02:09]} fxe5 {[%clk 00:34:44]} {[%emt 00:02:54]}
14. Bxc6 {[%clk 00:46:29]} {[%emt 00:02:37]} Bxf2 {[%clk 00:26:53]} {[%emt
00:08:21]} 15. Qxe5 {[%clk 00:42:59]} {[%emt 00:04:00]} Be3+ {[%clk 00:26:47]}
{[%emt 00:00:35]} 16. Kb1 {[%clk 00:42:50]} {[%emt 00:00:39]} dxc6 {[%clk
00:27:03]} {[%emt 00:00:14]} 17. Rxd8 {[%clk 00:42:44]} {[%emt 00:00:37]} Rxd8
{[%clk 00:27:27]} {[%emt 00:00:05]} 18. Qc7 {[%clk 00:38:48]} {[%emt 00:04:27]}
Bd7 {[%clk 00:26:05]} {[%emt 00:01:52]} 19. Rd1 {[%clk 00:37:46]} {[%emt
00:01:31]} 1-0

[Event "DEM U16w 2025"]
[Site "Willingen GER"]
[Date "2025.06.14"]
[Round "9"]
[White "Kutz, Ida Klara"]
[Black "Richter, Johanna"]
[Result "0-1"]
[Termination "normal"]
[Board "4"]
[WhiteElo "1783"]
[BlackElo "1834"]
[WhiteClock "00:00:38"]
[BlackClock "00:03:38"]
[PlyCount "139"]
[WhiteFideId "16296257"]
[BlackFideId "16278925"]
[EventCountry "GER"]
[EventRounds "9"]
[EventType "swiss"]
[EventDate "2025.06.07"]

1. d4 {[%clk 01:30:57]} {[%emt 00:00:02]} Nf6 {[%clk 01:30:52]} {[%emt
00:00:08]} 2. Nf3 {[%clk 01:30:49]} {[%emt 00:00:38]} g6 {[%clk 01:31:19]}
{[%emt 00:00:04]} 3. c4 {[%clk 01:30:50]} {[%emt 00:00:28]} Bg7 {[%clk
01:31:46]} {[%emt 00:00:04]} 4. g3 {[%clk 01:30:58]} {[%emt 00:00:22]} O-O
{[%clk 01:32:06]} {[%emt 00:00:11]} 5. Bg2 {[%clk 01:30:38]} {[%emt 00:00:47]}
d5 {[%clk 01:32:33]} {[%emt 00:00:05]} 6. cxd5 {[%clk 01:30:40]} {[%emt
00:00:28]} Nxd5 {[%clk 01:32:57]} {[%emt 00:00:07]} 7. e4 {[%clk 01:31:04]}
{[%emt 00:00:04]} Nb6 {[%clk 01:33:22]} {[%emt 00:00:06]} 8. O-O {[%clk
01:30:19]} {[%emt 00:01:14]} Nc6 {[%clk 01:33:32]} {[%emt 00:00:21]} 9. Qe2
{[%clk 01:28:13]} {[%emt 00:02:36]} Bg4 {[%clk 01:23:14]} {[%emt 00:10:48]} 10.
d5 {[%clk 01:22:54]} {[%emt 00:05:49]} Nd4 {[%clk 01:12:35]} {[%emt 00:11:09]}
11. Qd3 {[%clk 01:21:04]} {[%emt 00:02:20]} Bxf3 {[%clk 01:09:55]} {[%emt
00:03:10]} 12. Bxf3 {[%clk 01:21:22]} {[%emt 00:00:12]} c6 {[%clk 01:06:50]}
{[%emt 00:03:36]} 13. Nc3 {[%clk 01:16:10]} {[%emt 00:05:41]} cxd5 {[%clk
01:02:52]} {[%emt 00:04:28]} 14. exd5 {[%clk 01:07:30]} {[%emt 00:09:09]} Nxf3+
{[%clk 01:01:26]} {[%emt 00:01:56]} 15. Qxf3 {[%clk 01:07:54]} {[%emt
00:00:07]} Qd7 {[%clk 01:01:12]} {[%emt 00:00:45]} 16. Rd1 {[%clk 01:00:56]}
{[%emt 00:07:26]} Rac8 {[%clk 00:58:42]} {[%emt 00:03:02]} 17. Bf4 {[%clk
00:54:51]} {[%emt 00:06:33]} Nc4 {[%clk 00:52:35]} {[%emt 00:06:38]} 18. Re1
{[%clk 00:35:59]} {[%emt 00:19:21]} Nxb2 {[%clk 00:40:35]} {[%emt 00:12:32]}
19. Rac1 {[%clk 00:31:01]} {[%emt 00:05:27]} b5 {[%clk 00:32:37]} {[%emt
00:08:29]} 20. Ne4 {[%clk 00:22:50]} {[%emt 00:08:39]} Nc4 {[%clk 00:30:23]}
{[%emt 00:02:45]} 21. Rcd1 {[%clk 00:15:45]} {[%emt 00:07:35]} Nd6 {[%clk
00:17:49]} {[%emt 00:13:04]} 22. Bxd6 {[%clk 00:10:45]} {[%emt 00:05:30]} exd6
{[%clk 00:18:18]} 23. Qf4 {[%clk 00:09:22]} {[%emt 00:01:53]} Rfd8 {[%clk
00:15:42]} {[%emt 00:03:07]} 24. h4 {[%clk 00:04:46]} {[%emt 00:05:05]} Rc4
{[%clk 00:11:38]} {[%emt 00:04:36]} 25. Nf6+ {[%clk 00:03:29]} {[%emt
00:01:46]} Bxf6 {[%clk 00:12:06]} {[%emt 00:00:02]} 26. Qxf6 {[%clk 00:03:47]}
{[%emt 00:00:12]} Rc7 {[%clk 00:12:19]} {[%emt 00:00:18]} 27. h5 {[%clk
00:02:12]} {[%emt 00:02:04]} h6 {[%clk 00:06:50]} {[%emt 00:05:59]} 28. Re4
{[%clk 00:01:28]} {[%emt 00:01:13]} Re8 {[%clk 00:02:24]} {[%emt 00:04:56]} 29.
Rde1 {[%clk 00:00:59]} {[%emt 00:00:59]} Rxe4 {[%clk 00:02:40]} {[%emt
00:00:14]} 30. Rxe4 {[%clk 00:01:28]} {[%emt 00:00:02]} Kh7 {[%clk 00:01:01]}
{[%emt 00:02:08]} 31. hxg6+ {[%clk 00:01:05]} {[%emt 00:00:54]} fxg6 {[%clk
00:01:31]} 32. Re6 {[%clk 00:00:45]} {[%emt 00:00:50]} Qf7 {[%clk 00:01:19]}
{[%emt 00:00:42]} 33. Qxf7+ {[%clk 00:00:33]} {[%emt 00:00:42]} Rxf7 {[%clk
00:01:48]} {[%emt 00:00:01]} 34. Rxd6 {[%clk 00:00:57]} {[%emt 00:00:06]} Kg7
{[%clk 00:01:25]} {[%emt 00:00:53]} 35. Kg2 {[%clk 00:00:47]} {[%emt 00:00:40]}
Rf6 {[%clk 00:01:07]} {[%emt 00:00:48]} 36. Rc6 {[%clk 00:00:56]} {[%emt
00:00:20]} Rf7 {[%clk 00:00:46]} {[%emt 00:00:52]} 37. f3 {[%clk 00:00:38]}
{[%emt 00:00:48]} Rd7 {[%clk 00:00:53]} {[%emt 00:00:22]} 38. Rc5 {[%clk
00:00:34]} {[%emt 00:00:35]} a6 {[%clk 00:01:09]} {[%emt 00:00:15]} 39. f4
{[%clk 00:00:52]} {[%emt 00:00:11]} h5 {[%clk 00:00:48]} {[%emt 00:00:51]} 40.
Kf3 {[%clk 00:01:03]} {[%emt 00:00:19]} Kf7 {[%clk 00:00:52]} {[%emt 00:00:26]}
41. Ke4 {[%clk 00:28:55]} {[%emt 00:02:38]} Re7+ {[%clk 00:25:41]} 42. Kd4
{[%clk 00:28:55]} Ra7 {[%clk 00:23:23]} {[%emt 00:14:09]} 43. Ke5 {[%clk
00:15:28]} Re7+ {[%clk 00:19:19]} {[%emt 00:14:21]} 44. Kd4 {[%clk 00:11:28]}
{[%emt 00:11:37]} Re2 {[%clk 00:13:34]} 45. Rc6 {[%clk 00:11:28]} Rd2+ {[%clk
00:13:34]} 46. Kc5 {[%clk 00:11:28]} Rd3 {[%clk 00:13:34]} 47. Rxa6 {[%clk
00:05:52]} Rc3+ {[%clk 00:11:14]} {[%emt 00:09:15]} 48. Kxb5 {[%clk 00:04:26]}
{[%emt 00:01:55]} Rxg3 {[%clk 00:11:33]} {[%emt 00:00:11]} 49. Re6 {[%clk
00:02:13]} {[%emt 00:02:43]} Ra3 {[%clk 00:11:14]} {[%emt 00:00:50]} 50. Re2
{[%clk 00:02:31]} {[%emt 00:00:12]} h4 {[%clk 00:09:11]} {[%emt 00:02:33]} 51.
Kc6 {[%clk 00:01:43]} {[%emt 00:01:18]} Rc3+ {[%clk 00:09:35]} {[%emt
00:00:05]} 52. Kd7 {[%clk 00:01:12]} {[%emt 00:01:01]} h3 {[%clk 00:09:06]}
{[%emt 00:00:59]} 53. Rh2 {[%clk 00:01:05]} {[%emt 00:00:37]} Rd3 {[%clk
00:07:36]} {[%emt 00:02:00]} 54. Kc6 {[%clk 00:01:12]} {[%emt 00:00:23]} Rc3+
{[%clk 00:05:48]} {[%emt 00:02:19]} 55. Kb5 {[%clk 00:01:28]} {[%emt 00:00:13]}
Ke7 {[%clk 00:06:03]} {[%emt 00:00:16]} 56. Kb4 {[%clk 00:01:16]} {[%emt
00:00:42]} Rf3 {[%clk 00:06:24]} {[%emt 00:00:09]} 57. Kc5 {[%clk 00:01:37]}
{[%emt 00:00:09]} Kd7 {[%clk 00:06:28]} {[%emt 00:00:26]} 58. a4 {[%clk
00:00:49]} {[%emt 00:01:17]} Rxf4 {[%clk 00:06:03]} {[%emt 00:00:56]} 59. Rxh3
{[%clk 00:00:35]} {[%emt 00:00:44]} Rxa4 {[%clk 00:06:31]} {[%emt 00:00:02]}
60. Rh7+ {[%clk 00:00:50]} {[%emt 00:00:14]} Kd8 {[%clk 00:06:28]} {[%emt
00:00:33]} 61. Kd6 {[%clk 00:00:41]} {[%emt 00:00:40]} Ra6+ {[%clk 00:06:33]}
{[%emt 00:00:24]} 62. Ke5 {[%clk 00:00:44]} {[%emt 00:00:27]} Ra1 {[%clk
00:06:30]} {[%emt 00:00:33]} 63. Rg7 {[%clk 00:00:32]} {[%emt 00:00:43]} Rd1
{[%clk 00:04:42]} {[%emt 00:02:18]} 64. Kd6 {[%clk 00:00:36]} {[%emt 00:00:26]}
Kc8 {[%clk 00:05:05]} {[%emt 00:00:07]} 65. Rxg6 {[%clk 00:00:56]} {[%emt
00:00:09]} Rd2 {[%clk 00:05:03]} {[%emt 00:00:35]} 66. Rg5 {[%clk 00:00:39]}
{[%emt 00:00:45]} Rd1 {[%clk 00:05:16]} {[%emt 00:00:16]} 67. Re5 {[%clk
00:00:38]} {[%emt 00:00:30]} Kd8 {[%clk 00:03:58]} {[%emt 00:01:48]} 68. Re3
{[%clk 00:00:35]} {[%emt 00:00:33]} Rd2 {[%clk 00:03:20]} {[%emt 00:01:08]} 69.
Ra3 {[%clk 00:00:38]} {[%emt 00:00:28]} Kc8 {[%clk 00:03:38]} {[%emt 00:00:12]}
70. Ra8+ {[%emt 00:00:37]} 0-1

[Event "DEM U16w 2025"]
[Site "Willingen GER"]
[Date "2025.06.14"]
[Round "9"]
[White "Halas, Neele Zoe"]
[Black "Vogt, Luna"]
[Result "1/2-1/2"]
[Termination "normal"]
[Board "5"]
[WhiteElo "1804"]
[BlackElo "1773"]
[WhiteClock "00:21:18"]
[BlackClock "00:18:33"]
[PlyCount "42"]
[WhiteFideId "16287282"]
[BlackFideId "34607153"]
[EventCountry "GER"]
[EventRounds "9"]
[EventType "swiss"]
[EventDate "2025.06.07"]

1. e4 {[%clk 01:30:42]} {[%emt 00:00:16]} g6 {[%clk 01:30:53]} {[%emt
00:00:08]} 2. Nf3 {[%clk 01:29:45]} {[%emt 00:01:26]} Bg7 {[%clk 01:31:14]}
{[%emt 00:00:09]} 3. d4 {[%clk 01:29:41]} {[%emt 00:00:35]} d6 {[%clk
01:31:37]} {[%emt 00:00:06]} 4. c4 {[%clk 01:23:38]} {[%emt 00:06:34]} Nf6
{[%clk 01:29:18]} {[%emt 00:02:49]} 5. Nc3 {[%clk 01:23:47]} {[%emt 00:00:21]}
Nbd7 {[%clk 01:29:42]} {[%emt 00:00:07]} 6. Be2 {[%clk 01:16:54]} {[%emt
00:07:22]} O-O {[%clk 01:29:59]} {[%emt 00:00:13]} 7. O-O {[%clk 01:16:52]}
{[%emt 00:00:32]} c5 {[%clk 01:29:37]} {[%emt 00:00:52]} 8. e5 {[%clk
01:05:27]} {[%emt 00:11:55]} Ne8 {[%clk 01:20:57]} {[%emt 00:09:10]} 9. exd6
{[%clk 01:02:32]} {[%emt 00:03:25]} Nxd6 {[%clk 01:20:45]} {[%emt 00:00:43]}
10. d5 {[%clk 00:49:15]} {[%emt 00:13:47]} Ne5 {[%clk 01:17:16]} {[%emt
00:03:59]} 11. Nxe5 {[%clk 00:49:11]} {[%emt 00:00:34]} Bxe5 {[%clk 01:17:41]}
{[%emt 00:00:05]} 12. Bh6 {[%clk 00:45:45]} {[%emt 00:03:55]} Re8 {[%clk
01:17:31]} {[%emt 00:00:40]} 13. Qc2 {[%clk 00:40:39]} {[%emt 00:05:36]} a6
{[%clk 01:10:24]} {[%emt 00:07:38]} 14. Bd3 {[%clk 00:38:57]} {[%emt 00:02:12]}
Qc7 {[%clk 01:09:17]} {[%emt 00:01:36]} 15. h3 {[%clk 00:38:06]} {[%emt
00:01:21]} Bd7 {[%clk 01:06:30]} {[%emt 00:03:17]} 16. Rae1 {[%clk 00:31:34]}
{[%emt 00:07:02]} Nf5 {[%clk 00:59:08]} {[%emt 00:07:51]} 17. Bxf5 {[%clk
00:31:37]} {[%emt 00:00:28]} Bxf5 {[%clk 00:59:31]} {[%emt 00:00:07]} 18. Qe2
{[%clk 00:32:00]} {[%emt 00:00:08]} Bd4 {[%clk 00:55:31]} {[%emt 00:04:29]} 19.
Qd2 {[%clk 00:23:28]} {[%emt 00:09:02]} Be5 {[%clk 00:38:00]} {[%emt 00:18:02]}
20. Qe2 {[%clk 00:20:56]} {[%emt 00:03:02]} Bd4 {[%clk 00:34:39]} {[%emt
00:03:51]} 21. Qd2 {[%clk 00:21:18]} {[%emt 00:00:06]} Be5 {[%clk 00:18:33]}
{[%emt 00:16:37]} 1/2-1/2

[Event "DEM U16w 2025"]
[Site "Willingen GER"]
[Date "2025.06.14"]
[Round "9"]
[White "Kopylov, Diana"]
[Black "Boronina, Kseniia"]
[Result "1-0"]
[Termination "normal"]
[Board "7"]
[WhiteElo "1890"]
[BlackElo "1691"]
[WhiteClock "00:03:43"]
[BlackClock "00:13:20"]
[PlyCount "63"]
[WhiteFideId "16268865"]
[BlackFideId "34308768"]
[EventCountry "GER"]
[EventRounds "9"]
[EventType "swiss"]
[EventDate "2025.06.07"]

1. e4 {[%clk 01:30:57]} {[%emt 00:00:02]} c5 {[%clk 01:30:58]} {[%emt
00:00:02]} 2. Nf3 {[%clk 01:31:19]} {[%emt 00:00:09]} Nc6 {[%clk 01:31:25]}
{[%emt 00:00:03]} 3. d4 {[%clk 01:31:40]} {[%emt 00:00:08]} cxd4 {[%clk
01:31:52]} {[%emt 00:00:04]} 4. Nxd4 {[%clk 01:32:05]} {[%emt 00:00:05]} Nf6
{[%clk 01:32:19]} {[%emt 00:00:03]} 5. Nc3 {[%clk 01:32:26]} {[%emt 00:00:10]}
e6 {[%clk 01:32:46]} {[%emt 00:00:04]} 6. Ndb5 {[%clk 01:31:31]} {[%emt
00:01:24]} Bb4 {[%clk 01:32:54]} {[%emt 00:00:22]} 7. a3 {[%clk 01:27:43]}
{[%emt 00:04:17]} Bxc3+ {[%clk 01:33:16]} {[%emt 00:00:08]} 8. Nxc3 {[%clk
01:28:06]} {[%emt 00:00:07]} d5 {[%clk 01:33:41]} {[%emt 00:00:05]} 9. exd5
{[%clk 01:24:31]} {[%emt 00:04:06]} exd5 {[%clk 01:34:10]} 10. Bd3 {[%clk
01:21:42]} {[%emt 00:03:19]} Bg4 {[%clk 01:31:47]} {[%emt 00:02:53]} 11. f3
{[%clk 01:20:05]} {[%emt 00:02:07]} Be6 {[%clk 01:30:53]} {[%emt 00:01:24]} 12.
O-O {[%clk 01:15:50]} {[%emt 00:04:45]} O-O {[%clk 01:31:13]} {[%emt 00:00:10]}
13. Re1 {[%clk 01:12:37]} {[%emt 00:03:43]} a5 {[%clk 01:20:13]} {[%emt
00:11:30]} 14. Kh1 {[%clk 01:07:46]} {[%emt 00:05:22]} h6 {[%clk 01:12:33]}
{[%emt 00:08:10]} 15. b3 {[%clk 01:02:47]} {[%emt 00:05:28]} Nd7 {[%clk
01:07:43]} {[%emt 00:05:21]} 16. Bb2 {[%clk 01:00:23]} {[%emt 00:02:54]} Nc5
{[%clk 01:03:12]} {[%emt 00:05:01]} 17. Bb5 {[%clk 00:58:08]} {[%emt 00:02:44]}
Qb6 {[%clk 00:54:52]} {[%emt 00:08:51]} 18. a4 {[%clk 00:55:08]} {[%emt
00:03:30]} Rad8 {[%clk 00:52:30]} {[%emt 00:02:52]} 19. Ne2 {[%clk 00:49:50]}
{[%emt 00:05:48]} Na7 {[%clk 00:49:00]} {[%emt 00:04:00]} 20. Qd4 {[%clk
00:46:58]} {[%emt 00:03:22]} f6 {[%clk 00:49:02]} {[%emt 00:00:28]} 21. Bd3
{[%clk 00:45:32]} {[%emt 00:01:55]} Nc6 {[%clk 00:48:33]} {[%emt 00:00:59]} 22.
Qf2 {[%clk 00:44:20]} {[%emt 00:01:41]} Nd7 {[%clk 00:38:50]} {[%emt 00:10:14]}
23. Qg3 {[%clk 00:43:31]} {[%emt 00:01:19]} Nde5 {[%clk 00:34:55]} {[%emt
00:04:26]} 24. Nf4 {[%clk 00:37:36]} {[%emt 00:06:25]} Bf7 {[%clk 00:35:13]}
{[%emt 00:00:12]} 25. Bf5 {[%clk 00:35:08]} {[%emt 00:02:56]} Rfe8 {[%clk
00:30:06]} {[%emt 00:05:38]} 26. Re2 {[%clk 00:27:40]} {[%emt 00:07:58]} Nd4
{[%clk 00:25:18]} {[%emt 00:05:19]} 27. Qf2 {[%clk 00:24:10]} {[%emt 00:03:57]}
Nec6 {[%clk 00:21:58]} {[%emt 00:03:52]} 28. Ne6 {[%clk 00:13:35]} {[%emt
00:11:04]} Rd6 {[%clk 00:18:58]} {[%emt 00:03:31]} 29. Rae1 {[%clk 00:09:42]}
{[%emt 00:04:22]} Bxe6 {[%clk 00:16:06]} {[%emt 00:03:22]} 30. Bxe6+ {[%clk
00:08:20]} {[%emt 00:01:52]} Kf8 {[%clk 00:13:53]} {[%emt 00:02:44]} 31. c3
{[%clk 00:04:47]} {[%emt 00:04:03]} Nd8 {[%clk 00:13:20]} {[%emt 00:01:03]} 32.
Ba3 {[%clk 00:03:43]} {[%emt 00:01:35]} 1-0